| 000 | 00381nam a22001217a 4500 | ||
|---|---|---|---|
| 999 |
_c9480 _d9480 |
||
| 003 | OSt | ||
| 008 | 201203b ||||| |||| 00| 0 eng d | ||
| 245 | _aJournal Of The Textile Association | ||
| 250 | _a2012( Jan-Feb Vol.72 No.5, Mar-Apr Vol.72 No.6, Sep-Oct Vol.73 No.3 ) | ||
| 260 |
_aPune, Maharashtra _bUnitech Texmech Pvt. Ltd. |
||
| 650 | _aTextile Engineering | ||
| 942 |
_2ddc _cBV |
||